01294nam a2200325 a 4500001001200000003000800012006001900020007001500039008004100054010001700095020001800112020001800130040002100148035002100169043001200190050002900202245012600231260005100357300001500408504005100423533015200474650006500626650005000691655002900741700002100770700001700791710001700808856012600825999001700951ebr10285278CaPaEBRm u cr cn|||||||||061201s2007 cau sb 001 0 eng  z 2006939577 z9781412935715 z9781412935722 aCaPaEBRcCaPaEBR a(OCoLC)320972429 ae-uk---14aLB1139.3.G7bE268 2007eb00aEarly childhood education and careh[electronic resource] :bpolicy and practice /cedited by Margaret Clark, Tim Waller. aThousand Oaks, CA :bSAGE Publications,c2007. axv, 192 p. aIncludes bibliographical references and index. aElectronic reproduction.bPalo Alto, Calif. :cebrary,d2013.nAvailable via World Wide Web.nAccess may be limited to ebrary affiliated libraries. 0aEarly childhood educationxGovernment policyzGreat Britain. 0aChild carexGovernment policyzGreat Britain. 7aElectronic books.2local1 aClark, Margaret.1 aWaller, Tim.2 aebrary, Inc.40uhttp://site.ebrary.com/lib/rucke/Doc?id=10285278zAn electronic book accessible through the World Wide Web; click to view c16892d16892